000 00923nam0a22002411 4500
001 rc\1149075
005 20041129084606.1
035 _a(NLR Aleph) 006394727
090 _a5183282
_c5183282
100 _a20041129d1980 u |0rusy50 ca
101 0 _arus
102 _aRU
105 _ay |||||||||
200 1 _aМетодические рекомендации по технологии централизованной заточки металлорежущего инструмента
_fВсесоюз. н.-и. инструм. ин-т
_g[В.В. Туменко]
210 _aМ.
_cОНТИ ВНИИ
_d1980 (вып. дан. 1981)
215 _a21 с.
_d21
702 1 _aТуменко
_bВ. В.
_4220
712 0 2 _aВсесоюзный н.-и. инструментальный ин-т
_3RU\NLR\AUTH\883581
801 0 _aRU
_bNLR
_gpsbo
801 1 _aRU
_bELAR
_2rusmarc
852 _aNLR
_j81-6/3985
942 _cBOOK
980 _aNB